Pathology for the surgeon / (Record no. 10087)
[ view plain ]
| 000 -LEADER | |
|---|---|
| fixed length control field | 00541nam a22001932 4500 |
| 001 - CONTROL NUMBER | |
| control field | 0000023966 |
| 005 - DATE AND TIME OF LATEST TRANSACTION | |
| control field | 20151217152253.0 |
| 008 - FIXED-LENGTH DATA ELEMENTS--GENERAL INFORMATION | |
| fixed length control field | 130423s xx 000 0 eng d |
| 040 ## - CATALOGING SOURCE | |
| Original cataloging agency | KABU |
| Transcribing agency | KABU |
| 100 1# - MAIN ENTRY--PERSONAL NAME | |
| Personal name | Boyd, William. |
| -- | 0000152234 |
| 245 10 - TITLE STATEMENT | |
| Title | Pathology for the surgeon / |
| Statement of responsibility, etc. | William Boyd. |
| 250 ## - EDITION STATEMENT | |
| Edition statement | 7th ed. |
| 260 ## - PUBLICATION, DISTRIBUTION, ETC. (IMPRINT) | |
| Place of publication, distribution, etc. | London : |
| Name of publisher, distributor, etc. | W. B. Saunders, |
| Date of publication, distribution, etc. | 1955. |
| 300 ## - PHYSICAL DESCRIPTION | |
| Extent | vi, 737 p. |
| 650 #0 - SUBJECT ADDED ENTRY--TOPICAL TERM | |
| Topical term or geographic name as entry element | Pathology. |
| -- | 0000178277 |
| 852 1# - LOCATION | |
| -- | p500 KES |
| 908 ## - PUT COMMAND PARAMETER (RLIN) | |
| Put command parameter | 130423 |
| 950 ## - LOCAL HOLDINGS (RLIN) | |
| -- | 1 |
| Withdrawn status | Lost status | Source of classification or shelving scheme | Not for loan | Home library | Current library | Date acquired | Total Checkouts | Full call number | Barcode | Date last seen | Date last checked out | Price effective from | Koha item type |
|---|---|---|---|---|---|---|---|---|---|---|---|---|---|
| Library of Congress Classification | Kabarak, Main Campus | Kabarak, Main Campus | 17/12/2015 | 3 | RD57 .B69 1955 c. 1 | 015115 | 25/01/2024 | 18/01/2024 | 17/12/2015 | General Collection |